Countries Less Populated than Greenland - Whammies - Statistics

General Stats
  • This quiz has been taken 40 times
  • The average score is 6 of 9
Answer Stats
Population Country % Correct
1,000 Vatican City
91%
12,000 Nauru
85%
38,000 Monaco
79%
34,000 San Marino
79%
9,000 Tuvalu
70%
40,000 Liechtenstein
64%
18,000 Palau
58%
36,000 Marshall Islands
36%
47,000 Saint Kitts and Nevis
36%
No matching quizzes found
Score Distribution
Percent of People with Each Score
Percentile by Number Answered
Your Score History
You have not taken this quiz